[Event "DEM U10/U10w 2009"]
[Site "Willingen GER"]
[Date "2009.06.01"]
[Round "4"]
[White "Dürr, Florian"]
[Black "Wallat, Jessica"]
[Result "1-0"]
[Termination "normal"]
[Board "25"]
[WhiteElo "1649"]
[BlackElo "1045"]
[PlyCount "129"]
[WhiteFideId "24659134"]
[BlackFideId "12909637"]
[EventCountry "GER"]
[EventRounds "11"]
[EventType "swiss"]
[EventDate "2009.05.30"]

1. e4 e5 2. Nf3 Nf6 3. Nxe5 d6 4. Nf3 Nxe4 5. Nc3 Nxc3 6. dxc3 Nc6 7. Be3 Be6
8. Ng5 Be7 9. Qd2 h6 10. Nxe6 fxe6 11. Be2 a6 12. Bh5+ Kd7 13. Bg4 Rf8 14.
O-O-O Bg5 15. Bf3 Bxe3 16. Qxe3 Qf6 17. Rhf1 Rae8 18. Rd2 Kc8 19. Bxc6 bxc6 20.
Qa7 Qh4 21. h3 Qc4 22. Rdd1 Qxa2 23. b3 Qa5 24. Kb2 d5 25. Ra1 Qb5 26. Rxa6
Qxf1 27. Qa8+ Kd7 28. Qxc6+ Kd8 29. Ra8+ Ke7 30. Qxc7+ Kf6 31. Ra7 Qxg2 32. h4
h5 33. f3 Qg1 34. b4 Qg2 35. b5 Qg6 36. f4 Qf7 37. Qe5+ Kg6 38. Qg5+ Kh7 39.
Rxf7 Rxf7 40. Qxh5+ Kg8 41. Kb3 Rb8 42. Qe2 Rb6 43. Kb4 Rxf4+ 44. Kc5 Rb7 45.
Qxe6+ Kh7 46. Qxd5 Rbf7 47. b6 R4f5 48. Qxf5+ Rxf5+ 49. Kc6 Rf1 50. b7 Rf6+ 51.
Kb5 Rf5+ 52. Kb6 Rf6+ 53. Ka7 Rf8 54. b8=Q Rxb8 55. Kxb8 Kg6 56. c4 Kf7 57. c5
Ke6 58. c6 Kd6 59. c7 Kd7 60. c8=Q+ Ke7 61. Qc6 Kd8 62. Qe6 g5 63. Kb7 gxh4 64.
Kc6 h3 65. Qd7# 1-0

[Event "DEM U10/U10w 2009"]
[Site "Willingen GER"]
[Date "2009.06.01"]
[Round "4"]
[White "Simon, Tessa"]
[Black "Riehle, Marco"]
[Result "0-1"]
[Termination "normal"]
[Board "26"]
[WhiteElo "1032"]
[BlackElo "1442"]
[PlyCount "64"]
[WhiteFideId "12929395"]
[BlackFideId "12904392"]
[EventCountry "GER"]
[EventRounds "11"]
[EventType "swiss"]
[EventDate "2009.05.30"]

1. e4 e5 2. Nf3 Nc6 3. Bc4 Bc5 4. c3 Nf6 5. d4 exd4 6. cxd4 Bb4+ 7. Nc3 Nxe4 8.
O-O Bxc3 9. d5 Bf6 10. Re1 Ne7 11. Rxe4 d6 12. Bg5 Bxg5 13. Nxg5 Bf5 14. Rf4
Bg6 15. Bd3 O-O 16. Bxg6 Nxg6 17. Rg4 Qe7 18. Qf3 Ne5 19. Qe4 f5 20. Qe3 fxg4
21. Rf1 Ng6 22. Ne6 Rf5 23. Qd4 c5 24. Qc4 Nf8 25. Nxf8 Raxf8 26. Qxg4 Rxf2 27.
h3 Rxf1+ 28. Kh2 Qe5+ 29. Qg3 Rh1+ 30. Kxh1 Qxg3 31. Kg1 Rf2 32. h4 Qxg2# 0-1

[Event "DEM U10/U10w 2009"]
[Site "Willingen GER"]
[Date "2009.06.01"]
[Round "4"]
[White "Essler, Oskar"]
[Black "Moses, Selina"]
[Result "1-0"]
[Termination "normal"]
[Board "27"]
[WhiteElo "1341"]
[BlackElo "1044"]
[PlyCount "93"]
[WhiteFideId "12918024"]
[BlackFideId "12908070"]
[EventCountry "GER"]
[EventRounds "11"]
[EventType "swiss"]
[EventDate "2009.05.30"]

1. e4 e5 2. Nf3 d6 3. Bc4 Nd7 4. Nc3 Be7 5. d3 Ngf6 6. h3 c6 7. Be3 O-O 8. O-O
Re8 9. a4 a5 10. Qd2 Nf8 11. Ne2 Ng6 12. c3 Bd7 13. Ng3 Bf8 14. b4 b5 15. axb5
cxb5 16. Ba2 a4 17. Ng5 Re7 18. d4 h6 19. dxe5 dxe5 20. Nf3 Bc6 21. Qc2 Rd7 22.
Rfd1 Raa7 23. Bxa7 Rxd1+ 24. Rxd1 Qa8 25. Bxf7+ Kxf7 26. Qa2+ Ke8 27. Qe6+ Be7
28. Nf5 Qb7 29. Nd6+ Kd8 30. Nxb7+ Kc7 31. Nxe5 Nxe5 32. Qxe7+ Ned7 33. Nc5 a3
34. Nxd7 Nxd7 35. Rxd7+ Bxd7 36. Bb6+ Kxb6 37. Qxd7 a2 38. Qd1 g5 39. g4 Kc7
40. Qa1 Kc6 41. Qxa2 Kc7 42. Qd5 Kb6 43. e5 Ka6 44. e6 Kb6 45. e7 Kc7 46. e8=Q
h5 47. Qdc6# 1-0

[Event "DEM U10/U10w 2009"]
[Site "Willingen GER"]
[Date "2009.06.01"]
[Round "4"]
[White "Kast, Larissa"]
[Black "Schaefer, Matthes"]
[Result "1/2-1/2"]
[Termination "normal"]
[Board "28"]
[WhiteElo "1011"]
[BlackElo "1311"]
[PlyCount "73"]
[WhiteFideId "24699055"]
[BlackFideId "12946117"]
[EventCountry "GER"]
[EventRounds "11"]
[EventType "swiss"]
[EventDate "2009.05.30"]

1. d4 d5 2. c4 e5 3. e3 Nc6 4. Be2 dxc4 5. Bxc4 exd4 6. exd4 Qxd4 7. Qe2+ Qe5
8. Be3 Nf6 9. Nf3 Qd6 10. Bc5+ Qe7 11. Bxe7 Bxe7 12. O-O O-O 13. Nc3 Bg4 14.
Nd5 Bd6 15. Nxf6+ gxf6 16. h3 Nd4 17. Qe4 Bxf3 18. gxf3 Be5 19. Bd3 f5 20. Qxe5
Nxf3+ 21. Kh1 Nxe5 22. Bxf5 Kh8 23. Rg1 Rg8 24. Rae1 Nf3 25. Rxg8+ Rxg8 26. Rd1
b6 27. b3 c5 28. Be4 Nd4 29. Rg1 Rxg1+ 30. Kxg1 f6 31. Kf1 h6 32. Ke1 Kg7 33.
Kd2 Kf7 34. Kc3 Ke7 35. Kc4 Kd6 36. h4 a5 37. a4 1/2-1/2

[Event "DEM U10/U10w 2009"]
[Site "Willingen GER"]
[Date "2009.06.01"]
[Round "4"]
[White "Stobbe, Frederik"]
[Black "Lehmann, Erik"]
[Result "1/2-1/2"]
[Termination "normal"]
[Board "29"]
[WhiteElo "1185"]
[BlackElo "943"]
[PlyCount "56"]
[EventCountry "GER"]
[EventRounds "11"]
[EventType "swiss"]
[EventDate "2009.05.30"]

1. e4 c5 2. Nf3 Nc6 3. d4 cxd4 4. Nxd4 Nf6 5. Nc3 e5 6. Nxc6 bxc6 7. Bc4 Bb4 8.
Qf3 d6 9. O-O Be6 10. Ba6 Qb6 11. Bd2 O-O 12. Bg5 Bxc3 13. bxc3 Bg4 14. Qd3 Be2
15. Qxe2 Nd7 16. Qg4 f5 17. exf5 Nf6 18. Bxf6 Rxf6 19. Rab1 Qc7 20. Rb2 Qd7 21.
Rfb1 Qxf5 22. Qxf5 Rxf5 23. Rb8+ Rxb8 24. Rxb8+ Rf8 25. Rb7 Rf7 26. Rb8+ Rf8
27. Rb7 Rf7 28. Rb8+ Rf8 1/2-1/2

[Event "DEM U10/U10w 2009"]
[Site "Willingen GER"]
[Date "2009.06.01"]
[Round "4"]
[White "Kania, Markus"]
[Black "Schneider, Jana"]
[Result "1-0"]
[Termination "normal"]
[Board "30"]
[WhiteElo "1178"]
[BlackElo "886"]
[PlyCount "51"]
[WhiteFideId "12903736"]
[BlackFideId "12924997"]
[EventCountry "GER"]
[EventRounds "11"]
[EventType "swiss"]
[EventDate "2009.05.30"]

1. d4 d5 2. e3 Nc6 3. Bd3 Nf6 4. f4 Bg4 5. Nf3 e6 6. Nbd2 Bd6 7. h3 Bxf3 8.
Nxf3 Qe7 9. O-O O-O 10. Ne5 Rad8 11. g4 Nd7 12. g5 Rfe8 13. Qh5 h6 14. gxh6
gxh6 15. Rf2 Qf6 16. Rg2+ Kf8 17. Ng6+ fxg6 18. Rxg6 Qh8 19. Rxh6 Qg8+ 20. Rg6
Qf7 21. Qh6+ Ke7 22. Rg7 Nb4 23. Bg6 Rf8 24. Qh7 Qxg7 25. Qxg7+ Rf7 26. Qxf7#
1-0

[Event "DEM U10/U10w 2009"]
[Site "Willingen GER"]
[Date "2009.06.01"]
[Round "4"]
[White "Reimers, Kim"]
[Black "Phenn, Jan-Niklas"]
[Result "0-1"]
[Termination "normal"]
[Board "31"]
[WhiteElo "901"]
[BlackElo "1172"]
[PlyCount "122"]
[WhiteFideId "12930377"]
[BlackFideId "12954985"]
[EventCountry "GER"]
[EventRounds "11"]
[EventType "swiss"]
[EventDate "2009.05.30"]

1. e4 e5 2. f4 Bc5 3. fxe5 Qh4+ 4. g3 Qxe4+ 5. Qe2 Qxh1 6. Nf3 Ne7 7. d4 Bb6 8.
c3 d6 9. Kd2 Bg4 10. Bg2 Bxf3 11. Qxf3 Qxh2 12. Qxb7 Nec6 13. Qxa8 Qxg2+ 14.
Kd1 Qf1+ 15. Kc2 Qe2+ 16. Bd2 O-O 17. b3 dxe5 18. Kc1 exd4 19. c4 d3 20. Nc3
Qe8 21. a3 Na6 22. Qxe8 Rxe8 23. b4 Nd4 24. Kb2 Ne2 25. c5 Nxc5 26. bxc5 Bxc5
27. Na4 Bd4+ 28. Nc3 Bxc3+ 29. Bxc3 Nxc3 30. Kxc3 Re3 31. Rb1 h6 32. Rb8+ Kh7
33. Rb7 Rxg3 34. Rxa7 Kg6 35. Rxc7 d2+ 36. Kxd2 Rxa3 37. Rc6+ f6 38. Rc4 Ra5
39. Rg4+ Rg5 40. Re4 h5 41. Ke2 f5 42. Re6+ Kh7 43. Re5 h4 44. Re3 Rh5 45. Rh3
g5 46. Kf2 g4 47. Rh1 Kg6 48. Re1 g3+ 49. Kg2 Kg5 50. Rf1 Kg4 51. Ra1 h3+ 52.
Kh1 h2 53. Kg2 h1=Q+ 54. Rxh1 Rxh1 55. Kxh1 f4 56. Kg1 f3 57. Kh1 Kh3 58. Kg1
g2 59. Kf2 Kh2 60. Kxf3 g1=Q 61. Ke4 Qg5 0-1

[Event "DEM U10/U10w 2009"]
[Site "Willingen GER"]
[Date "2009.06.01"]
[Round "4"]
[White "Kempe, Anne"]
[Black "Kim, Yu-Mi"]
[Result "1-0"]
[Termination "normal"]
[Board "32"]
[WhiteElo "1168"]
[BlackElo "824"]
[PlyCount "117"]
[WhiteFideId "12918083"]
[BlackFideId "12955361"]
[EventCountry "GER"]
[EventRounds "11"]
[EventType "swiss"]
[EventDate "2009.05.30"]

1. e4 e5 2. Bc4 Nf6 3. d3 Bc5 4. Nf3 Nc6 5. c3 d6 6. d4 exd4 7. cxd4 Bb4+ 8.
Bd2 Bxd2+ 9. Nbxd2 Bg4 10. Qb3 O-O 11. Bd5 Nxd5 12. Qxd5 Be6 13. Qb5 d5 14. e5
Rb8 15. O-O a6 16. Qc5 Qe7 17. Qxe7 Nxe7 18. Rac1 c6 19. Nb3 f6 20. Nc5 Bg4 21.
exf6 Rxf6 22. Ne5 Rd6 23. Nxg4 Nf5 24. Rcd1 Rg6 25. h3 a5 26. Rfe1 b6 27. Nd7
Rd8 28. Nxb6 Rb8 29. Na4 Rb4 30. Nc5 Nxd4 31. Nd3 Rb5 32. Nde5 Re6 33. Rxd4
Rxb2 34. Nd3 Rxe1+ 35. Nxe1 Rxa2 36. Ne5 Ra1 37. Kf1 Rc1 38. Ke2 Kf8 39. Kd2
Rc5 40. Nd7+ Ke7 41. Nxc5 Kd6 42. Ned3 Kc7 43. Ra4 Kd6 44. Rxa5 d4 45. Ne4+ Ke6
46. Nf4+ Kd7 47. Kd3 h6 48. Kxd4 g5 49. Nxg5 hxg5 50. Rxg5 Kd6 51. h4 Ke7 52.
h5 Kf6 53. Nh3 Ke6 54. h6 Kd6 55. h7 Ke6 56. h8=Q Kd6 57. Qf6+ Kd7 58. Rg7+ Ke8
59. Qe7# 1-0

[Event "DEM U10/U10w 2009"]
[Site "Willingen GER"]
[Date "2009.06.01"]
[Round "4"]
[White "Hermann, Tobias"]
[Black "Pohl, Jannik"]
[Result "1-0"]
[Termination "normal"]
[Board "33"]
[WhiteElo "1161"]
[BlackElo "883"]
[PlyCount "71"]
[WhiteFideId "12903701"]
[EventCountry "GER"]
[EventRounds "11"]
[EventType "swiss"]
[EventDate "2009.05.30"]

1. e4 e5 2. Nf3 Nc6 3. Bc4 Bc5 4. Nc3 Nf6 5. d3 h6 6. h3 d6 7. Bd2 Bd7 8. O-O
O-O 9. Re1 Re8 10. Be3 Bxe3 11. fxe3 Be6 12. Bxe6 fxe6 13. d4 exd4 14. exd4 e5
15. dxe5 dxe5 16. Qxd8 Raxd8 17. Rad1 Nb4 18. Rxd8 Rxd8 19. Nxe5 Nxc2 20. Re2
Re8 21. Rxc2 Rxe5 22. Re2 Kf7 23. Kf2 Kg6 24. Kf3 Kg5 25. Re1 h5 26. g3 h4 27.
g4 Nd7 28. Rd1 Nc5 29. Ke3 c6 30. Rf1 g6 31. Rf7 Re6 32. Kd4 Na6 33. e5 Nb4 34.
Ne4+ Kh6 35. g5+ Kh5 36. Rh7# 1-0

[Event "DEM U10/U10w 2009"]
[Site "Willingen GER"]
[Date "2009.06.01"]
[Round "4"]
[White "Rost, Henning"]
[Black "Reuker, Jari"]
[Result "0-1"]
[Termination "normal"]
[Board "34"]
[WhiteElo "880"]
[BlackElo "1147"]
[PlyCount "53"]
[BlackFideId "12909300"]
[EventCountry "GER"]
[EventRounds "11"]
[EventType "swiss"]
[EventDate "2009.05.30"]

1. e4 c5 2. Nf3 e6 3. c3 Nf6 4. e5 Nd5 5. d4 Nc6 6. Bc4 Nb6 7. Bb5 cxd4 8. cxd4
d5 9. O-O Bd7 10. Bd2 Rc8 11. Nc3 Bb4 12. g3 Bxc3 13. Bxc3 Nxe5 14. Nxe5 Bxb5
15. Qf3 Qf6 16. Qd1 Bxf1 17. Qxf1 Nc4 18. Qd1 Nxe5 19. dxe5 Qf5 20. Ba5 Qxe5
21. Rc1 O-O 22. a3 Qxb2 23. Rb1 Qxa3 24. Bd2 Qd3 25. Rb3 Qc2 26. Rb1 Qxd1+ 27.
Rxd1 0-1

[Event "DEM U10/U10w 2009"]
[Site "Willingen GER"]
[Date "2009.06.01"]
[Round "4"]
[White "Berdin, Victoria"]
[Black "Puls, Olivia"]
[Result "1-0"]
[Termination "normal"]
[Board "35"]
[WhiteElo "1137"]
[BlackElo "822"]
[PlyCount "97"]
[EventCountry "GER"]
[EventRounds "11"]
[EventType "swiss"]
[EventDate "2009.05.30"]

1. e4 e5 2. Nf3 Nc6 3. Bc4 Nf6 4. Nc3 Bb4 5. d3 d5 6. exd5 Nxd5 7. Bd2 Nf4 8.
Bxf4 exf4 9. Qe2+ Ne7 10. O-O O-O 11. Qe4 Ng6 12. Nd5 Bd6 13. Rfe1 Bg4 14. h3
Bxf3 15. Qxf3 Qg5 16. Qg4 Qxg4 17. hxg4 Nh4 18. Re4 f3 19. g3 Ng2 20. Nf4 Bxf4
21. gxf4 Rfe8 22. Kh2 Kf8 23. Kg3 Re7 24. Kxf3 Nh4+ 25. Kg3 Ng6 26. Rae1 Rae8
27. f5 Ne5 28. f4 Nxc4 29. Rxe7 Rxe7 30. Rxe7 Kxe7 31. dxc4 f6 32. g5 h6 33.
Kg4 Kd6 34. gxh6 gxh6 35. Kh5 Kc5 36. Kxh6 Kxc4 37. Kg6 Kd4 38. Kxf6 Ke3 39.
Ke7 c5 40. f6 Kd2 41. f7 Kxc2 42. f8=Q Kxb2 43. Qc8 b6 44. Qa6 Kc3 45. Qxa7 c4
46. Qxb6 Kd2 47. Qb2+ Kd3 48. Qc1 Kd4 49. f5 1-0

[Event "DEM U10/U10w 2009"]
[Site "Willingen GER"]
[Date "2009.06.01"]
[Round "4"]
[White "Riewe, Jana"]
[Black "Fieberg, Samuel"]
[Result "0-1"]
[Termination "normal"]
[Board "36"]
[WhiteElo "779"]
[BlackElo "1125"]
[PlyCount "104"]
[BlackFideId "12901717"]
[EventCountry "GER"]
[EventRounds "11"]
[EventType "swiss"]
[EventDate "2009.05.30"]

1. e4 e5 2. Nf3 Nc6 3. Bc4 Bc5 4. c3 Nf6 5. d4 exd4 6. cxd4 Bb4+ 7. Bd2 Bxd2+
8. Nbxd2 d6 9. O-O O-O 10. Re1 Bg4 11. Qc2 Qd7 12. Nf1 Bxf3 13. gxf3 Qh3 14.
Ng3 Nxd4 15. Qd3 Nc6 16. Kh1 Ne5 17. Qe3 Neg4 18. fxg4 Nxg4 19. Nf1 Nxe3 20.
Nxe3 Qf3+ 21. Ng2 Qxf2 22. b3 Qb6 23. Rg1 Rae8 24. Bd3 Qd4 25. Rad1 Qb2 26. Nh4
Qxa2 27. Nf5 g6 28. Nh6+ Kh8 29. b4 d5 30. exd5 Qxd5+ 31. Rg2 Qb3 32. Rgg1 Qxb4
33. Rg2 Re1+ 34. Rxe1 Qxe1+ 35. Rg1 Qe3 36. Ng4 Qxd3 37. Nf2 Qf3+ 38. Rg2 Re8
39. h3 Re1+ 40. Kh2 Re2 41. h4 Rxf2 42. Rxf2 Qxf2+ 43. Kh3 a5 44. h5 Qf5+ 45.
Kg3 Qxh5 46. Kf4 a4 47. Kg3 a3 48. Kg2 a2 49. Kg3 a1=Q 50. Kf4 Qd4+ 51. Kg3
Qe3+ 52. Kg2 Qhh3# 0-1

[Event "DEM U10/U10w 2009"]
[Site "Willingen GER"]
[Date "2009.06.01"]
[Round "4"]
[White "Nguyen, Anh Van"]
[Black "Rogozenco, Teodora Nana"]
[Result "1-0"]
[Termination "normal"]
[Board "37"]
[WhiteElo "1095"]
[BlackElo "798"]
[PlyCount "101"]
[WhiteFideId "12908223"]
[BlackFideId "12938084"]
[EventCountry "GER"]
[EventRounds "11"]
[EventType "swiss"]
[EventDate "2009.05.30"]

1. e4 c5 2. f4 d6 3. Nf3 Nc6 4. Bc4 g6 5. O-O Bg7 6. Nc3 Bd7 7. d3 e6 8. Be3
Nge7 9. Qe2 O-O 10. Rae1 Na5 11. e5 Qc7 12. exd6 Qxd6 13. Ne4 Qc7 14. Bxc5 Rfe8
15. Ne5 f6 16. Nxd7 Qxd7 17. Nc3 Nxc4 18. dxc4 Nf5 19. Qd3 Qc6 20. Ba3 Red8 21.
Qe2 Re8 22. Qe4 Rac8 23. b3 Qb6+ 24. Kh1 Qa5 25. Bb2 Qb6 26. a4 Bf8 27. Re2 a6
28. Rd1 Rcd8 29. Rxd8 Rxd8 30. Qxe6+ Qxe6 31. Rxe6 Bb4 32. h3 Kf7 33. Rb6 Bxc3
34. Bxc3 Rd7 35. Rxf6+ Kg7 36. Rd6+ Kh6 37. Rxd7 Ng3+ 38. Kh2 Nf1+ 39. Kg1 Ng3
40. Bg7+ Kh5 41. Rd5+ Nf5 42. g4+ Kh4 43. gxf5 Kg3 44. f6 g5 45. fxg5 h6 46.
gxh6 b5 47. f7 b4 48. f8=Q a5 49. Qf2+ Kxh3 50. Qf3+ Kh4 51. Bf6# 1-0

[Event "DEM U10/U10w 2009"]
[Site "Willingen GER"]
[Date "2009.06.01"]
[Round "4"]
[White "Wächter, Nathalie"]
[Black "Richardt, Angelina"]
[Result "1-0"]
[Termination "normal"]
[Board "38"]
[WhiteElo "804"]
[BlackElo "1094"]
[PlyCount "53"]
[WhiteFideId "12921033"]
[BlackFideId "12938149"]
[EventCountry "GER"]
[EventRounds "11"]
[EventType "swiss"]
[EventDate "2009.05.30"]

1. e4 e5 2. Nf3 d6 3. d4 exd4 4. Qxd4 c5 5. Qe3 Be7 6. Nc3 Nf6 7. Bd2 Nc6 8.
O-O-O O-O 9. Bd3 a6 10. h3 b5 11. a3 b4 12. axb4 cxb4 13. Nd5 Qa5 14. Nxe7+
Nxe7 15. Kb1 Be6 16. b3 Rac8 17. e5 dxe5 18. Nxe5 Rc5 19. Ng4 Nfd5 20. Qe4 Nc3+
21. Bxc3 Bf5 22. Qxe7 Bxd3 23. Rxd3 bxc3 24. Re1 Rcc8 25. Nf6+ gxf6 26. Rg3+
Kh8 27. Qxf6# 1-0

[Event "DEM U10/U10w 2009"]
[Site "Willingen GER"]
[Date "2009.06.01"]
[Round "4"]
[White "Hümmecke, Sarah"]
[Black "Sadewasser, Lucie"]
[Result "1-0"]
[Termination "normal"]
[Board "41"]
[WhiteElo "979"]
[BlackElo "989"]
[PlyCount "101"]
[BlackFideId "12905445"]
[EventCountry "GER"]
[EventRounds "11"]
[EventType "swiss"]
[EventDate "2009.05.30"]

1. e4 e5 2. Nf3 Nc6 3. Bb5 a6 4. Bxc6 dxc6 5. Nc3 Nf6 6. d4 exd4 7. Qxd4 Qxd4
8. Nxd4 Bb4 9. Bd2 Bxc3 10. Bxc3 Nxe4 11. Bd2 Nxd2 12. Kxd2 O-O 13. Rad1 Bg4
14. f3 Rad8 15. Kc1 c5 16. Nb3 Rxd1+ 17. Rxd1 Be6 18. Nxc5 Bxa2 19. b3 b6 20.
Nxa6 Ra8 21. Nxc7 Rc8 22. Kb2 g6 23. Nd5 Ra8 24. Nxb6 Rb8 25. Nd7 Ra8 26. Ra1
Rd8 27. Nc5 Rd2 28. Rxa2 Rxg2 29. b4 Rxh2 30. Ra8+ Kg7 31. b5 Rh5 32. Rc8 Rh4
33. Kb3 Rh3 34. c3 Rxf3 35. b6 Rf6 36. b7 Rb6+ 37. Kc4 h5 38. b8=Q Rxb8 39.
Rxb8 h4 40. Rb2 g5 41. Ne4 Kg6 42. Rf2 h3 43. Nxg5 Kxg5 44. Rxf7 Kg4 45. Rh7
Kg3 46. Rxh3+ Kxh3 47. Kd4 Kg4 48. Kd5 Kf5 49. c4 Kf6 50. Kd6 Kf7 51. Kd7 1-0

[Event "DEM U10/U10w 2009"]
[Site "Willingen GER"]
[Date "2009.06.01"]
[Round "4"]
[White "Dopmann, Sina"]
[Black "Michalowski, Sophia"]
[Result "0-1"]
[Termination "normal"]
[Board "42"]
[WhiteElo "1035"]
[BlackElo "951"]
[PlyCount "50"]
[BlackFideId "12902454"]
[EventCountry "GER"]
[EventRounds "11"]
[EventType "swiss"]
[EventDate "2009.05.30"]

1. e4 d5 2. exd5 Qxd5 3. Nc3 Qa5 4. Bc4 Nh6 5. Nf3 Qc5 6. d3 Ng4 7. O-O Qd6 8.
Be3 e5 9. Ne4 Qg6 10. Neg5 Be6 11. Bxe6 fxe6 12. h3 Nxe3 13. fxe3 Nc6 14. c3
O-O-O 15. d4 e4 16. Nd2 Qxg5 17. Qe2 g6 18. Nxe4 Qh4 19. Nf6 Be7 20. Ng4 h5 21.
Nf2 Bd6 22. Qf3 Rhf8 23. Qe2 Qg3 24. Rfc1 Qh2+ 25. Kf1 Qh1# 0-1

[Event "DEM U10/U10w 2009"]
[Site "Willingen GER"]
[Date "2009.06.01"]
[Round "4"]
[White "Lederer, Leia"]
[Black "Lohmüller, Gedeon"]
[Result "0-1"]
[Termination "normal"]
[Board "43"]
[WhiteElo "944"]
[BlackElo "1015"]
[PlyCount "36"]
[WhiteFideId "12926353"]
[EventCountry "GER"]
[EventRounds "11"]
[EventType "swiss"]
[EventDate "2009.05.30"]

1. e4 e5 2. Nf3 Nc6 3. Bb5 Bc5 4. Nxe5 Nxe5 5. d4 a6 6. Ba4 Bb4+ 7. Nc3 Bxc3+
8. bxc3 Nc6 9. d5 b5 10. Bb3 Ne5 11. Qd4 Qf6 12. Qc5 Qb6 13. Qb4 d6 14. Qa3 Ng4
15. O-O N8f6 16. e5 dxe5 17. Re1 Qxf2+ 18. Kh1 Qxe1# 0-1

[Event "DEM U10/U10w 2009"]
[Site "Willingen GER"]
[Date "2009.06.01"]
[Round "4"]
[White "Reyher, Susan"]
[Black "Döpper, Anna Berenice"]
[Result "0-1"]
[Termination "normal"]
[Board "44"]
[WhiteElo "1004"]
[BlackElo "919"]
[PlyCount "116"]
[WhiteFideId "24686107"]
[BlackFideId "1271853"]
[EventCountry "GER"]
[EventRounds "11"]
[EventType "swiss"]
[EventDate "2009.05.30"]

1. e4 e6 2. Nc3 d5 3. exd5 exd5 4. Nf3 Nf6 5. d4 Bd6 6. Bg5 Bg4 7. h3 Bh5 8. g4
Bg6 9. Nxd5 Be7 10. Nxf6+ Bxf6 11. Bxf6 Qxf6 12. g5 Qe6+ 13. Be2 Be4 14. Rh2
Bxf3 15. Qd3 Qxe2+ 16. Qxe2+ Bxe2 17. Kxe2 Nc6 18. Re1 O-O 19. Kd1 Nxd4 20. Rg2
Rad8 21. Kc1 Rfe8 22. Rxe8+ Rxe8 23. Kd1 Re5 24. h4 Re4 25. c3 Nf3 26. Rg3 Nxh4
27. Rd3 h6 28. gxh6 gxh6 29. Rg3+ Kh7 30. Kd2 Re6 31. b4 f5 32. Rh3 Ng6 33. f4
Nxf4 34. Rf3 Re4 35. a4 h5 36. Rf1 h4 37. Kc2 h3 38. Kb3 h2 39. a5 Re3 40. Rh1
Rh3 41. Kc2 Ne2 42. Kd2 Ng3 43. Re1 Ne4+ 44. Ke2 h1=Q 45. Rxh1 Rxh1 46. Kf3
Nxc3 47. Kf4 Rf1+ 48. Ke5 f4 49. Kf5 f3 50. Kf4 f2 51. Kf3 Nd1 52. Kg2 Re1 53.
Kg3 f1=Q 54. Kg4 Kg6 55. b5 Qf5+ 56. Kg3 Rg1+ 57. Kh2 Rg4 58. Kh3 Qh5# 0-1

[Event "DEM U10/U10w 2009"]
[Site "Willingen GER"]
[Date "2009.06.01"]
[Round "4"]
[White "Schmitt, Marco"]
[Black "Müller, Sophie"]
[Result "1-0"]
[Termination "normal"]
[Board "45"]
[WhiteElo "993"]
[BlackElo "842"]
[PlyCount "141"]
[BlackFideId "12926698"]
[EventCountry "GER"]
[EventRounds "11"]
[EventType "swiss"]
[EventDate "2009.05.30"]

1. e4 e5 2. Nf3 Nc6 3. Bc4 Bc5 4. c3 Nf6 5. d3 b6 6. Bb3 Bb7 7. Nbd2 O-O 8. h3
Ba6 9. Nf1 d5 10. Ng3 dxe4 11. Nh4 Qd7 12. O-O exd3 13. Ngf5 d2 14. Qxd2 g6 15.
Qxd7 Nxd7 16. Ng3 Bxf1 17. Kxf1 Rad8 18. Bg5 Rde8 19. Bh6 a5 20. Bxf8 Rxf8 21.
Rd1 Rd8 22. Ne4 Be7 23. Ba4 Nf6 24. Rxd8+ Nxd8 25. Nxf6+ Bxf6 26. Nf3 e4 27.
Nd4 c5 28. Nc6 Ne6 29. Bb3 Nd8 30. Nxd8 Bxd8 31. Bc2 f5 32. f3 exf3 33. gxf3 f4
34. Ke2 g5 35. Kd3 h5 36. Ke4 Bc7 37. Bd3 Kg7 38. Kd5 Kh6 39. Kc6 Be5 40. Kxb6
g4 41. hxg4 h4 42. Bf1 Kg5 43. Kxc5 Kf6 44. Kb5 Bc7 45. b4 axb4 46. cxb4 Ke5
47. Kc6 Bd6 48. b5 Bb8 49. b6 Kd4 50. b7 Ke3 51. Kd7 Kxf3 52. g5 Kg3 53. g6 f3
54. g7 h3 55. g8=Q+ Kf2 56. Qg4 h2 57. Qh4+ Kxf1 58. Kc8 Be5 59. b8=Q Bxb8 60.
Kxb8 Kg1 61. Qg3+ Kf1 62. Qxh2 f2 63. Qxf2+ Kxf2 64. a4 Ke3 65. a5 Kd4 66. a6
Kc5 67. a7 Kb6 68. a8=Q Kb5 69. Qd5+ Ka6 70. Kc7 Ka7 71. Qb7# 1-0

[Event "DEM U10/U10w 2009"]
[Site "Willingen GER"]
[Date "2009.06.01"]
[Round "4"]
[White "Boes, Julian"]
[Black "Gheng, Christian"]
[Result "0-1"]
[Termination "normal"]
[Board "46"]
[WhiteElo "1186"]
[BlackElo "1386"]
[PlyCount "82"]
[WhiteFideId "12907723"]
[BlackFideId "24660345"]
[EventCountry "GER"]
[EventRounds "11"]
[EventType "swiss"]
[EventDate "2009.05.30"]

1. e4 c5 2. Nf3 d6 3. Bb5+ Nc6 4. O-O Nf6 5. Qe2 a6 6. Bxc6+ bxc6 7. c3 g6 8.
d4 cxd4 9. cxd4 Bg7 10. Nc3 O-O 11. h3 d5 12. e5 Ne8 13. Bf4 a5 14. Qe3 Ba6 15.
Rfe1 Rb8 16. b3 Rb4 17. Bh6 c5 18. Bxg7 Kxg7 19. Rac1 Nc7 20. Red1 Ne6 21. Rd2
Qd7 22. Rcd1 c4 23. bxc4 Rxc4 24. Ne2 Rfc8 25. Nf4 Nxf4 26. Qxf4 Rc1 27. Rxc1
Rxc1+ 28. Kh2 h6 29. Qe3 Qb5 30. e6 Qb8+ 31. g3 f6 32. Ne1 Qb1 33. Nd3 Rh1+ 34.
Kg2 Qg1+ 35. Kf3 Bxd3 36. Qxd3 Rxh3 37. Rd1 Qh2 38. Qb5 Rh5 39. Qe8 Rf5+ 40.
Ke3 Qxf2+ 41. Kd3 Rf3# 0-1

[Event "DEM U10/U10w 2009"]
[Site "Willingen GER"]
[Date "2009.06.02"]
[Round "5"]
[White "Lagunow, Raphael"]
[Black "Mehsin, Yazan"]
[Result "1-0"]
[Termination "normal"]
[Board "1"]
[WhiteElo "1491"]
[BlackElo "1180"]
[PlyCount "59"]
[WhiteFideId "24652644"]
[EventCountry "GER"]
[EventRounds "11"]
[EventType "swiss"]
[EventDate "2009.05.30"]

1. e4 e5 2. Nf3 Nf6 3. Nxe5 d6 4. Nf3 Nxe4 5. Nc3 d5 6. Qe2 Qe7 7. Nxd5 Qd6 8.
Qxe4+ Be6 9. Bc4 Nd7 10. O-O O-O-O 11. d4 Qc6 12. Bb3 Kb8 13. Nc3 Qd6 14. Bf4
Qe7 15. Rfe1 Nf6 16. Qe2 Nh5 17. Bg5 Nf6 18. d5 h6 19. Bxf6 Qxf6 20. dxe6 Re8
21. Ne4 Qxb2 22. Rab1 Qe5 23. Nxe5 fxe6 24. Qb5 Bd6 25. Bd5 b6 26. Qa6 c6 27.
Bxc6 Re7 28. Rxb6+ axb6 29. Qxb6+ Kc8 30. Nxd6# 1-0

[Event "DEM U10/U10w 2009"]
[Site "Willingen GER"]
[Date "2009.06.02"]
[Round "5"]
[White "Sawlin, Leonid"]
[Black "Brandl, Lea Maria"]
[Result "1-0"]
[Termination "normal"]
[Board "2"]
[WhiteElo "1853"]
[BlackElo "1438"]
[PlyCount "43"]
[WhiteFideId "4689542"]
[BlackFideId "24693049"]
[EventCountry "GER"]
[EventRounds "11"]
[EventType "swiss"]
[EventDate "2009.05.30"]

1. e4 c5 2. Nf3 Nc6 3. d4 cxd4 4. Nxd4 e5 5. Nb5 d6 6. N1c3 a6 7. Na3 b5 8. Nd5
Nf6 9. Bg5 Be7 10. Bxf6 Bxf6 11. c3 Bb7 12. Nc2 Bg5 13. a4 bxa4 14. Rxa4 O-O
15. h4 Be7 16. Nce3 g6 17. h5 Bg5 18. Qf3 a5 19. Qh3 Bh4 20. Qxh4 Qxh4 21. Rxh4
Rab8 22. Nf6+ 1-0